End Times Vocabulary Quiz Stats

 Plays Quiz not verified by Sporcle

Score 0/29 Timer 10:00
0 Plays Today
% Correct
Messiah
87.2%
Antichrist
82.4%
Abrahamic Covenant
72.5%
Second Coming
68.9%
Harlot
61.5%
Image of the Beast
57.1%
Lake of Fire
54.2%
Armageddon
52.4%
Postribulation
52%
Rapture
51.3%
Eschatology
50.9%
Postmillennialism
49.5%
Midtribulation
49.1%
144,000
48%
Messianic Age
48%
% Correct
Dominion Theology
46.5%
Pretribulation
45.8%
Amillennialism
45.4%
Apocalypse
44%
Epiphaneia
43.6%
Premillennialism
42.9%
Millennialism
40.7%
Tribulation Period
39.9%
Abomination of Desolation
39.9%
Parousia
35.5%
Covenant theology
34.8%
Dispensationalism
33.3%
Preterism
30.8%
Investigative judgment
28.9%

You're not logged in!

Compare scores with friends on all Sporcle quizzes.
OR
Log In

Show Comments

Extras

Top Quizzes Today


Score Distribution

Your Account Isn't Verified!

In order to create a playlist on Sporcle, you need to verify the email address you used during registration. Go to your Sporcle Settings to finish the process.

Report this User

Report this user for behavior that violates our Community Guidelines.

Details: